Capitals of 1-st level subdivisions in Estonia from north to south - Statistics

General Stats
  • This quiz has been taken 13 times
  • The average score is 11 of 15
Answer Stats
Latitude (DD) Answer % Correct
1 59.44 Tallinn
100%
13 58.05 Põlva
78%
15 57.78 Valga
78%
14 57.85 Võru
78%
6 58.95 Haapsalu
67%
8 58.75 Jõgeva
67%
5 59.00 Kärdla
67%
12 58.25 Kuressaare
67%
7 58.89 Paide
67%
9 58.38 Pärnu
67%
3 59.35 Rakvere
67%
4 59.00 Rapla
67%
10 58.38 Tartu
67%
11 58.36 Viljandi
67%
2 59.36 Jõhvi
56%
No matching quizzes found
Score Distribution
Percent of People with Each Score
Percentile by Number Answered
Your Score History
You have not taken this quiz